| 000 | 00712nam a22002417a 4500 | ||
|---|---|---|---|
| 003 | OSt | ||
| 008 | 250205b |||||||| |||| 00| 0 eng d | ||
| 020 | _a9789332570344 | ||
| 082 |
_a631.42 _bH38S |
||
| 245 |
_aSoil Fertility and Fertilizers : an introduction to nutrient management / _cby John L. Havlin...[et. al.] |
||
| 250 | _a8th ed. | ||
| 260 |
_a.- UP _b: Pearson _c, 2023 |
||
| 300 | _avii,520p. | ||
| 650 | _aTechnology (Applied Sciences) | ||
| 650 | _aAgriculture and Related Technologies | ||
| 650 | _aSoil Fertility | ||
| 650 | _aFertilizers | ||
| 700 | _aHavlin, John L. | ||
| 700 | _aTisdale, Samuel L. | ||
| 700 | _aNelson, Werner L. | ||
| 700 | _aBeaton, James D. | ||
| 942 |
_2ddc _cBK |
||
| 999 |
_c47494 _d47494 |
||